000 00607njm a2200181 i 4500
001 C2-0218238
003 PPAK
005 20180729152118.0
008 990724s1990 my |||| ||||| | may d
040 _aPPAK
_beng
_cPPAK
_erda
245 0 0 _aPerasmian dan pelancaran buku warisan sastera Kedah Darul Aman
264 1 _aAlor Setar, Kedah :
_bPerbadanan Perpustakaan Awam Kedah ,
_c1990
336 _2rdacontent
_atext
337 _2rdamedia
_aunmediated
338 _2rdacarrier
_avolume
500 _aDirakam pada 17/11/90 ; Rakaman ucapan oleh YB. Dato' Hanafi Ramli ; Tiada transkripsi
942 _ddc
_cB
999 _c163147
_d163147